[Event "Llinars del Valles op-B 8th"]
[Site "Llinars del Valles"]
[Date "2014.06.07"]
[Round "6"]
[White "Maria Oproae, Alex Maria"]
[Black "Escola Dominguez, Francesc"]
[Result "1-0"]
[WhiteElo "1886"]
[BlackElo "1725"]
[PlyCount "111"]
[EventDate "2014.04.26"]
[EventType "swiss"]
[EventRounds "8"]
[EventCountry "ESP"]
[SourceTitle "EXT 2015"]
[Source "ChessBase"]
[SourceDate "2014.11.20"]
[SourceVersion "1"]
[SourceVersionDate "2014.11.20"]
[SourceQuality "1"]

1. e4 c5 2. Nf3 d6 3. d4 cxd4 4. Nxd4 Nf6 5. Nc3 e5 6. Nb3 a6 7. Be2 Be7 8. Be3 Nc6 9. h3 Be6 10. Nd5 Nxe4 11. Bb6 Qc8 12. Nc7+ Kf8 13. Nxa8 Qxa8 14. Bf3 Nf6 15. 0-0 Qc8 16. Kh2 h5 17. Be3 g6 18. Nd2 Nd5 19. Bxd5 Bxd5 20. Nf3 Be4 21. Bg5 f6 22. Be3 g5 23. Nd2 Bf5 24. Nc4 Qe6 25. Nd2 Nb4 26. c3 Nd3 27. b3 h4 28. Rg1 e4 29. c4 Bg6 30. f3 f5 31. fxe4 f4 32. Bd4 Bf6 33. Bxf6 Qxf6 34. Qg4 Qe7 35. Qe2 Ne5 36. Nf3 Bh5 37. Nxe5 Qxe5 38. Qf2 Rh7 39. Kh1 Rf7 40. Rac1 f3 41. Rgf1 Qxe4 42. gxf3 Bxf3+ 43. Kg1 g4 44. Qxh4 Qg6 45. Qh8+ Qg8 46. Qxg8+ Kxg8 47. hxg4 Bxg4 48. Rxf7 Kxf7 49. Kf2 Ke7 50. Ke3 Kd7 51. Rg1 Bf5 52. Kd4 Kc6 53. b4 b6 54. b5+ axb5 55. cxb5+ Kxb5 56. Rg5 1-0

[Event "Llinars del Valles op-B 8th"]
[Site "Llinars del Valles"]
[Date "2014.05.17"]
[Round "4"]
[White "Prats Safont, Sergi"]
[Black "Escola Dominguez, Francesc"]
[Result "1-0"]
[WhiteElo "1872"]
[BlackElo "1725"]
[PlyCount "115"]
[EventDate "2014.04.26"]
[EventType "swiss"]
[EventRounds "8"]
[EventCountry "ESP"]
[SourceTitle "EXT 2015"]
[Source "ChessBase"]
[SourceDate "2014.11.20"]
[SourceVersion "1"]
[SourceVersionDate "2014.11.20"]
[SourceQuality "1"]

1. e4 c5 2. Nf3 d6 3. c3 Nf6 4. Bd3 Nc6 5. 0-0 e5 6. Re1 Be7 7. Bf1 0-0 8. Na3 a6 9. Nc2 Bg4 10. d3 h6 11. Ne3 Qc8 12. h3 Bh5 13. g4 Bg6 14. Nf5 Re8 15. N3h4 Bh7 16. Be3 Qd8 17. Nxe7+ Nxe7 18. Nf5 Nxf5 19. gxf5 Kh8 20. Kh2 b6 21. Qf3 Rg8 22. h4 Nd7 23. Qg4 f6 24. h5 Qe8 25. Be2 a5 26. Rg1 Qf7 27. Bd1 b5 28. Qh3 b4 29. Bb3 Qf8 30. Bxg8 Bxg8 31. Rg4 Ra7 32. Rag1 Nb8 33. cxb4 axb4 34. b3 Nc6 35. Qg2 Bh7 36. f3 Nd4 37. Bxd4 cxd4 38. Qd2 Qb8 39. Rc1 Ra5 40. Qc2 Rc5 41. Qd2 Rc3 42. Rxc3 dxc3 43. Qe1 Bg8 44. Kh3 Qc7 45. Rg2 Bf7 46. Kh4 Be8 47. a3 Qf7 48. Rg6 Qxb3 49. Rg2 Ba4 50. axb4 Qxb4 51. Qg1 Qb7 52. Qa1 Qc6 53. Qa2 Qd7 54. Qe6 Qc7 55. Qd5 Qa5 56. Qf7 g5+ 57. fxg6 Bb3 58. Qh7# 1-0